| 000 | 00714nam a2200253Ia 4500 | ||
|---|---|---|---|
| 003 | OSt | ||
| 005 | 20220924122503.0 | ||
| 006 | a|||||r|||| 00| 0 | ||
| 007 | ta | ||
| 008 | 220923b |||||||| |||| 00| 0 per d | ||
| 024 | _a44399 | ||
| 037 | _cTextual | ||
| 040 |
_aARTS _cARTS _bper |
||
| 041 |
_2per _aper |
||
| 082 | _aO164,1E04x, 111N3 | ||
| 100 |
_aNasir Khusraw _9189651 |
||
| 245 | 0 | _aMake a shield from wisdom tr by Annemarie Schimmel | |
| 260 |
_aLondon _bKegan Paul _c1993 |
||
| 300 |
_avii,103p. _ccm. |
||
| 500 | _aBib 97-98p; Includes index | ||
| 650 | _aENGLISH LITERATURE | ||
| 942 |
_hO164,1E04x, 111N3 _cTEXL _2CC |
||
| 999 |
_c411823 _d411823 |
||